The Hitchhiker's Guide to the Galaxy Quiz Stats

Quiz Updated Aug 7, 2014

Also try: Artemis Fowl Books
Challenge
Share
Tweet
Embed
Score 0/42 Timer 10:00
0 Plays Today
% Correct
Douglas Noël Adams
86.6%
The Hitchhiker's Guide to the Galaxy
82.9%
Arthur Dent
82.2%
United Kingdom
75.8%
The Restaurant at the End of the Universe
73.8%
Ford Prefect
73.8%
Marvin
73.3%
So Long, and Thanks for All the Fish
73.1%
Zaphod Beeblebrox
70.8%
Atheist
59.1%
Trillian
59.1%
Apple Macintosh
52.3%
2001
51.5%
Mostly Harmless
48%
Life, the Universe and Everything
45.4%
Prostetnic Vogon Jeltz
44.7%
Heart of Gold
42.6%
Deep Thought
41.1%
Frankie and Benjy Mouse
40.3%
Slartibartfast
38.1%
1952
36%
% Correct
Infinite Improbability Drive
21.1%
Eddie
20.6%
Total Perspective Vortex
18.7%
Fenchurch
17.9%
And Another Thing...
16.8%
Pink Floyd
11.8%
Eccentrica Gallumbits
11.5%
Krikkiters
11%
Sirius Cybernetics Corporation
10.5%
Hotblack Desiato
10.4%
Agrajag
9.8%
Mr.Prosser
8.2%
Zarquon
7.7%
Wonko the Sane
7.1%
Zarniwoop
6.4%
Gag Halfrunt
6.3%
Kill-o-Zap
5.9%
Zem
5.6%
Wowbagger, the Infinitely Prolonged
5.6%
Rob McKenna
3.5%
Yooden Vranx
1.9%

You're not logged in!

Compare scores with friends on all Sporcle quizzes.
Sign Up with Email
OR
Log In

You Might Also Like...

Show Comments

Extras

Top Quizzes Today


Score Distribution

Your Account Isn't Verified!

In order to create a playlist on Sporcle, you need to verify the email address you used during registration. Go to your Sporcle Settings to finish the process.